Perú : (Registro nro. 4568)

Detalles MARC
000 -CABECERA
Campo de control 00785cam a2200229 a 4500
005 - FECHA Y HORA DE LA ULTIMA TRANSACCION
Campo de control 20180216124754.0
008 - ELEMENTOS DE LONGITUD FIJA—INFORMACION GENERAL
Campo de control 030805s2003 pe a b 000 0 spa c
020 ## - ISBN
ISBN 9972102831
040 ## - FUENTE DE CATALOGACIÓN
Agencia catalogadora original PE-LiEIC
Agencia transcriptora STF
Agencia Modificadora AGL
-- DLC
-- CO-Bo-IAVH
041 0# - IDIOMA
Código de idioma para texto/pista de sonido o título separado Español
044 ## - PAÍS DE PUBLICACIÓN
País de publicación Perú
082 00 - NUMERO DE CLASIFICACION DECIMAL DEWEY
Número de clasificación 630.0985
Número del ítem B72p
100 1# - ASIENTO PRINCIPAL--NOMBRE PERSONAL
Nombre personal Brack Egg, Antonio
Término relacionado autor
9 (RLIN) 13345
245 10 - MENCION DE TITULO
Título Perú :
Parte restante del título diez mil años de domesticación /
Mención de responsabilidad Antonio Brack Egg.
260 ## - PUBLICACION, DISTRIBUCION, ETC. (PIE DE IMPRENTA)
Lugar de publicación, distribución, etc. Lima:
Nombre del editor, distribuidor, etc. Bruño;
Fecha de publicación, distribución, etc. 2003.
300 ## - DESCRIPCION FISICA
Extensión 160 páginas :
Otros detalles físicos ilustraciones a color ;
Dimensiones 24 x 17 cm.
504 ## - NOTA DE BIBLIOGRAFIA, ETC.
Nota de bibliografía Incluye referencias bibliográficas páginas 155-160.
650 26 - ASIENTO SECUNDARIO DE MATERIA - TERMINO TEMATICO
Término temático o nombre geográfico como elemento de entrada Producción vegetal
Subdivisión general Cultivo
Subdivisión geográfica Perú
9 (RLIN) 89808
650 26 - ASIENTO SECUNDARIO DE MATERIA - TERMINO TEMATICO
Término temático o nombre geográfico como elemento de entrada Animales domésticos
Subdivisión geográfica Perú
9 (RLIN) 89809
650 26 - ASIENTO SECUNDARIO DE MATERIA - TERMINO TEMATICO
Término temático o nombre geográfico como elemento de entrada Domesticación
Subdivisión geográfica Perú
Subdivisión general Historia
9 (RLIN) 89810
942 ## - ELEMENTOS ADICIONALES (KOHA)
Sistema de clasificación Dewey Decimal Classification
Tipo de ítem Libro
Existencias
Withdrawn status Lost status Sistema de Clasificación Damaged status No para préstamo Colección Inventariado Ubicación Permanente Ubicación actual Fecha de adquisición Fuente de Valor Valor Total Checkouts Número topográfico Inventario / Código de Barras Date last seen Ejemplar Price effective from Forma de adquisición Tipo de material
    Dewey Decimal Classification     General Inventariado 2017 Sala Fabio Quevedo Sala Fabio Quevedo 14/06/2005 Librosperuanos.com 27000.00   LB-630.0985 B72p 016880 04/12/2012 Ej. 1 04/12/2012 Donación Libro